00640nam a2200205Ia 450000500170000000800410001702000150005808200130007310000190008624501040010525000090020926000550021830000130027365000100028665000080029665000140030494200060031895200950032499900150041920240528071021.0240331s9999 xx 000 0 und d a8173042640 bSHEa344 aSheel, Ranjana 4aThe political economy of dowry :binstitutionalization and expansion in North IndiacRanjana, Sheel a1 st aNew DelhibManohar Publishers & Distributorsc1999 a229 p ., aWomen aLaw apolitical cL 001040708LaWERCLbWERCLcSSCd2024-03-31l0o 344 SHEp4658r2024-03-31w2024-03-31yL c2832d2832